Gala 5 OT2017 - Estadísticas

Estadísticas generales
  • Esta prueba ha sido intentada 25 veces
  • La puntuación promedio es 6 de 9
Estadísticas de respuestas
Imagen Hint Respuesta % Correcto
Aitana y Alfred Bajo el mismo sol
95%
Ana Guerra La Bikina
90%
Nominados Marina y Mireya
85%
Roi y Amaia Shape of you
85%
Raoul Million reasons
65%
Grupal Revolución Sexual
65%
Ricky y Nerea The Time Of My Life
45%
Cepeda y Miriam Estoy hecho de pedacitos de ti
40%
Agoney Rise like a phoenix
20%
No se encontraron pruebas coincidentes
Distribución de puntuación
Porcentaje de gente con cada puntuación
Porcentaje por número respondido
Historial de tus puntuaciones
No has intentado esta prueba.